000 00342cam a22001097a 4500
008 180718b1971 xxu||||| |||| 00| 0 eng d
082 _aN203x73 Un3
245 _aCrime, kidnaping and prison laws
_ccompiled by Gilman G. Udell
260 _aWashington, D.C.
_bU.S. Government Printing Office
_c1971
300 _a743p.
700 _aUdell, Gilman G.
999 _c493872
_d493872